| 000 -GUIDE |
| Champ de contrôle de longueur fixe |
01103nam a22002777a 4500 |
| 003 - IDENTITÉ DU NUMÉRO DE CONTRÔLE |
| Champ de contrôle |
BI-BuBU |
| 008 - ÉLÉMENTS DE LONGUEUR FIXE - RENSEIGNEMENTS GÉNÉRAUX |
| Champ de contrôle de longueur fixe |
100405t fr ||||dr|||| 001 0dfre d |
| 020 ## - INTERNATIONAL STANDARD BOOK NUMBER |
| ISBN |
9782908199277 |
| 020 ## - INTERNATIONAL STANDARD BOOK NUMBER |
| ISBN |
2908199270 |
| 039 ## - NIVEAU DE CONTRÔLE BIBLIOGRAPHIQUE ET HISTORIQUE D'ENCODAGE [OBSOLETE] |
| Date creation |
mgn |
| 040 ## - SOURCE DU CATALOGAGE |
| Organisme qui a effectué le catalogage original |
BI-BuBU |
| Code de la langue utilisée dans le catalogage |
fre |
| Organisme qui a effectué la transcription |
BI-BuBU |
| 080 ## - INDICE DE LA CLASSIFICATION DÉCIMALE UNIVERSELLE (CDU) |
| Indice de la Classification décimale universelle |
347.44 |
| 110 ## - VEDETTE PRINCIPALE - NOM DE COLLECTIVITÉ |
| Nom de la collectivité ou nom de lieu comme élément de classement |
Commission pour le droit Européen du contrat.conférence technique |
| 9 (RLIN) |
18532 |
| 245 ## - MENTION DU TITRE |
| Titre |
Principes du droit européen du contrat |
| Mention de responsabilité, etc. |
Georges Rouhette; avec le concours de Isabelle de lamberterie, denis Tallon, Claude Witz |
| 260 ## - PUBLICATION, DIFFUSION, ETC. (ADRESSE BIBLIOGRAPHIQUE) |
| Lieu de publication, diffusion, etc. |
Paris |
| Nom de l'éditeur, diffuseur, etc. |
Société de législation comparée et européen |
| Date of publication, distribution, etc |
2003 |
| 300 ## - DESCRIPTION MATÉRIELLE |
| Collation |
655 p. |
| Autres caractéristiques matérielles |
couv. ill. en coul. |
| Dimensions |
24 cm. |
| 440 #0 - MENTION DE COLLECTION / VEDETTE SECONDAIRE DE TITRE |
| Titre |
Droit privé comparé et européen |
| Nom de la partie/section du document |
vol.2 |
| ISSN |
17612632 |
| 9 (RLIN) |
18533 |
| 504 ## - NOTE DE BIBLIOGRAPHIE ET INDEX. |
| Note de bibliographie et index. |
Bibliogr. Index |
| 650 #7 - VEDETTE-MATIÈRE - NOM COMMUN |
| Source du terme |
BI-BuBU |
| Vedette de sujet ou vedette comportant un nom géographique |
Droit du contrat. principe |
| Subdivision géographique |
Europe |
| 9 (RLIN) |
18534 |
| 700 ## - VEDETTE SECONDAIRE - NOM DE PERSONNE |
| Code de relation |
trl |
| Nom d'auteur |
Rouhette, georges |
| 9 (RLIN) |
18535 |
| 700 ## - VEDETTE SECONDAIRE - NOM DE PERSONNE |
| Code de relation |
clb |
| Nom d'auteur |
Lamberterie, Isabelle de |
| 9 (RLIN) |
18536 |
| 700 ## - VEDETTE SECONDAIRE - NOM DE PERSONNE |
| Code de relation |
clb |
| Nom d'auteur |
Tallon,Denis |
| 9 (RLIN) |
18537 |
| 942 ## - ÉLÉMENTS D'ENTRÉE ADDITIONNELLE (KOHA) |
| Source de la classification ou du système de rangement |
|
| Type d item koha |
BOOK |